00803nam a2200217Ia 4500003000900000008004100009020001800050040001600068080002200084245011900106260004900225300001300274650004100287650003600328700003200364700003300396700003100429942000700460999001500467952010300482IN-BaIIA211028s9999 xx 000 0 eng d a0-89766-045-5 cIIA Library a524(082.2)bTSR-9 0aNinth Texas symposium on relativistic astrophysicscedited by Jürgen Ehlers, Judith J. Perry, and Martin Walker. aNew YorkbNew York Academy of Sciencesc1980 av, 599p. aAstronomy and Astrophysics Thesaurus aRelativistic Astrophysics96801 aEhlers, Jurgen., ed.911339 aPerry, Judith J., ed.911340 aWalker, Martin, ed.911341 cBK c6623d6623 00104070aBANbBANcGENd1980-10-07l0o524(082.2)/ TSR-9p7365r2021-11-05w1980-10-07yBKG107